000 00560nam a22001937a 4500
003 OSt
005 20140310182816.0
008 130228t xxu||||| |||| 00| 0 eng d
020 _a9971513579
050 _aQA 76.758
_b.V54 2000
100 _aVliet, Hans van
245 _aSoftware engineering :
_bprinciples and practice /
_cVliet, Hans van
260 _aChichester [England] ;
_bNew York : John Wiley,
_c2000.
300 _axxii, 726 p. :
_bill. ;
_c24 cm.
521 _aIT
650 _aSoftware engineering.
942 _2lcc
_cBK
_kFOR
999 _c16284
_d16284